[Event "Commonwealth Open 2019"]
[Site "Delhi"]
[Date "2019.06.30"]
[Round "2.22"]
[White "Divya Deshmukh"]
[Black "Ashutosh Jamwal"]
[Result "1-0"]
[WhiteElo "2414"]
[BlackElo "1412"]
[Annotator "NA"]
[PlyCount "87"]
[EventDate "2019.06.30"]
[EventType "swiss"]
[EventCountry "IND"]
[SourceTitle "playchess.com"]
[Source "ChessBase"]
[SourceQuality "1"]
[TimeControl "5400+30"]

1. e4 {[%emt 0:00:00]} b6 {[%emt 0:00:39]} 2. d4 {[%emt 0:00:00]} Bb7 {[%emt 0:00:03]} 3. Bd3 {[%emt 0:00:00]} e6 {[%emt 0:00:37]} 4. Ne2 {[%emt 0:00:44]} Nf6 {[%emt 0:00:32]} 5. Ng3 {[%emt 0:00:09]} d5 {[%emt 0:04:57]} 6. e5 {[%emt 0:00:43]} Nfd7 {[%emt 0:01:00]} 7. c3 {[%emt 0:00:46]} c5 {[%emt 0:00:27]} 8. O-O {[%emt 0:00:17]} cxd4 {[%emt 0:02:52]} 9. cxd4 {[%emt 0:00:24]} Ba6 {[%emt 0:00:28]} 10. Bxa6 {[%emt 0:01:09]} Nxa6 {[%emt 0:00:03]} 11. Nc3 {[%emt 0:00:07]} Be7 {[%emt 0:11:03]} 12. Qg4 {[%emt 0:02:15]} g6 {[%emt 0:01:35]} 13. Bh6 {[%emt 0:00:05]} Nc7 {[%emt 0:04:53]} 14. Rac1 {[%emt 0:00:39]} Bf8 {[%emt 0:01:46]} 15. Bg5 {[%emt 0:02:20]} Be7 {[%emt 0:01:34]} 16. Bxe7 {[%emt 0:01:11]} Qxe7 {[%emt 0:01:28]} 17. Nce4 {[%emt 0:00:09]} Nb5 {[%emt 0:06:58]} 18. a4 {[%emt 0:00:33]} dxe4 {[%emt 0:02:52]} 19. Qxe4 {[%emt 0:03:06]} O-O {[%emt 0:00:30]} 20. axb5 {[%emt 0:00:30]} Rac8 {[%emt 0:00:30]} 21. Rc3 {[%emt 0:00:30]} Rxc3 {[%emt 0:00:30]} 22. bxc3 {[%emt 0:00:30]} f6 {[%emt 0:24:44]} 23. exf6 {[%emt 0:06:21]} Nxf6 {[%emt 0:00:14]} 24. Qe2 {[%emt 0:02:00]} Nd5 {[%emt 0:07:10]} 25. c4 {[%emt 0:01:05]} Nf4 {[%emt 0:01:58]} 26. Qe4 {[%emt 0:00:19]} Qf6 {[%emt 0:01:37]} 27. h3 {[%emt 0:03:12]} h5 {[%emt 0:04:07]} 28. Kh1 {[%emt 0:02:23]} h4 {[%emt 0:03:04]} 29. Ne2 {[%emt 0:00:05]} Nxe2 {[%emt 0:00:13]} 30. Qxe2 {[%emt 0:00:03]} Qxd4 {[%emt 0:00:44]} 31. Qxe6+ {[%emt 0:00:08]} Kg7 {[%emt 0:00:10]} 32. f3 {[%emt 0:00:29]} Qd3 {[%emt 0:01:17]} 33. Ra1 {[%emt 0:01:09]} Rf5 34. f4 Rxf4 {[%emt 0:03:12]} 35. Qe5+ {[%emt 0:00:54] Rf3 gxf3+} Kh6 {[%emt 0:07:26]} 36. Kg1 {[%emt 0:00:01]} Qf3 {[%emt 0:00:58]} 37. Ra2 {[%emt 0:00:06]} Qxh3 {[%emt 0:00:55]} 38. Rc2 Qg4 {[%emt 0:01:41] Rg2 Qd1+} 39. Kh2 {[%emt 1:10:46] Qd8} Qe6 {[%emt 0:01:00] Qd3} 40. Qf6 {[%emt 0:00:00]} Kh7 {[%emt 0:02:26]} 41. Qxh4+ {[%emt 0:00:00]} Kg7 {[%emt 0:00:03]} 42. Qxf4 {[%emt 0:00:00] Qd8 Re2} Kh8 {[%emt 0:01:58]} 43. Qh6+ {[%emt 0:00:00]} Kg8 {[%emt 0:00:03]} 44. Qxg6+ {[%emt 0:00:00]} 1-0

[Event "Commonwealth Open 2019"]
[Site "Delhi"]
[Date "2019.06.30"]
[Round "2.23"]
[White "Tania, Sachdev"]
[Black "Chudasama Ankit"]
[Result "1-0"]
[WhiteElo "2401"]
[BlackElo "1852"]
[Annotator "NA"]
[PlyCount "79"]
[EventDate "2019.06.30"]
[EventType "swiss"]
[EventCountry "IND"]
[SourceTitle "playchess.com"]
[Source "ChessBase"]
[SourceQuality "1"]
[TimeControl "5400+30"]

1. d4 {[%emt 0:00:53]} Nf6 {[%emt 0:00:12]} 2. c4 {[%emt 0:00:04]} e6 {[%emt 0:00:15]} 3. Nf3 {[%emt 0:00:15]} d5 {[%emt 0:00:08]} 4. Nc3 {[%emt 0:00:04]} Be7 {[%emt 0:00:37]} 5. Qc2 {[%emt 0:03:27]} O-O {[%emt 0:00:34]} 6. cxd5 {[%emt 0:01:15]} exd5 {[%emt 0:00:10]} 7. Bf4 {[%emt 0:00:56]} c5 {[%emt 0:02:46]} 8. e3 {[%emt 0:00:46]} a6 {[%emt 0:00:57]} 9. dxc5 {[%emt 0:04:11]} Bxc5 {[%emt 0:03:51]} 10. Rd1 {[%emt 0:03:20]} Qa5 {[%emt 0:00:30]} 11. a3 {[%emt 0:00:30]} Be7 {[%emt 0:00:30]} 12. h3 Nc6 {[%emt 0:09:43]} 13. Bd3 Ne4 {[%emt 0:04:34]} 14. O-O {[%emt 0:37:28]} Nxc3 {[%emt 0:22:31]} 15. bxc3 {[%emt 0:00:04]} h6 {[%emt 0:01:03]} 16. Ra1 {[%emt 0:05:01]} Be6 {[%emt 0:02:16]} 17. a4 {[%emt 0:02:44]} Rac8 {[%emt 0:03:05]} 18. Qb2 {[%emt 0:02:53]} Bf6 {[%emt 0:03:27]} 19. Rfc1 {[%emt 0:01:30]} Nd8 {[%emt 0:08:20]} 20. Nd4 {[%emt 0:05:50]} Re8 {[%emt 0:03:05]} 21. Bb1 {[%emt 0:04:01]} Bd7 {[%emt 0:01:54]} 22. Qc2 {[%emt 0:03:22]} Re4 {[%emt 0:09:30]} 23. Qd2 {[%emt 0:01:03]} Re8 {[%emt 0:03:02]} 24. Qd3 {[%emt 0:00:29]} Re4 {[%emt 0:02:45]} 25. f3 {[%emt 0:05:03]} Rxf4 {[%emt 0:00:10]} 26. exf4 {[%emt 0:00:15]} g6 {[%emt 0:04:26]} 27. Ba2 {[%emt 0:03:05]} Ne6 {[%emt 0:01:25]} 28. Ne2 {[%emt 0:03:10]} Bxa4 {[%emt 0:03:17]} 29. Bxd5 {[%emt 0:04:22]} Qb6+ {[%emt 0:00:27]} 30. Kh2 {[%emt 0:00:18]} Bb5 {[%emt 0:00:20]} 31. Qb1 {[%emt 0:05:14]} Qe3 {[%emt 0:02:41]} 32. Bxe6 {[%emt 0:00:13]} Qxe6 {[%emt 0:01:39]} 33. Nd4 {[%emt 0:00:01]} Qe3 {[%emt 0:00:49]} 34. Nxb5 {[%emt 0:01:29]} axb5 {[%emt 0:00:02]} 35. Qe4 {[%emt 0:01:34]} Qb6 {[%emt 0:04:30]} 36. Rab1 {[%emt 0:00:54]} Bxc3 {[%emt 0:01:48]} 37. Rb3 {[%emt 0:00:01]} b4 {[%emt 0:00:09]} 38. Rxb4 {[%emt 0:00:22]} Qf6 {[%emt 0:01:00]} 39. Rxb7 {[%emt 0:01:13]} Rc5 {[%emt 0:00:28]} 40. Qe8+ {[%emt 0:00:54]} 1-0

[Event "Commonwealth Open 2019"]
[Site "Delhi"]
[Date "2019.06.30"]
[Round "2.24"]
[White "Kulkarni Bhakti"]
[Black "Sudarshan Bhat"]
[Result "1-0"]
[WhiteElo "2380"]
[BlackElo "1835"]
[Annotator "NA"]
[PlyCount "35"]
[EventDate "2019.06.30"]
[EventType "swiss"]
[EventCountry "IND"]
[SourceTitle "playchess.com"]
[Source "ChessBase"]
[SourceQuality "1"]
[TimeControl "5400+30"]

1. d4 {[%emt 0:00:00]} Nf6 {[%emt 0:00:00]} 2. c4 {[%emt 0:01:40]} e6 {[%emt 0:02:59]} 3. Nf3 {[%emt 0:00:16]} c5 {[%emt 0:00:53]} 4. d5 {[%emt 0:00:30]} b5 {[%emt 0:00:30]} 5. Qc2 {[%emt 0:06:24]} exd5 {[%emt 0:14:32]} 6. cxd5 {[%emt 0:00:44]} g6 {[%emt 0:12:03]} 7. Bg5 {[%emt 0:05:14]} Bg7 {[%emt 0:01:38]} 8. Qxc5 {[%emt 0:04:26]} Ne4 {[%emt 0:14:22]} 9. Qe3 {[%emt 0:01:51]} Qa5+ {[%emt 0:02:53]} 10. Nbd2 {[%emt 0:28:06]} f5 {[%emt 0:01:15]} 11. g4 {[%emt 0:04:11]} O-O {[%emt 0:06:30]} 12. gxf5 {[%emt 0:01:42]} Nxg5 {[%emt 0:02:54]} 13. Nxg5 {[%emt 0:00:54]} Rxf5 {[%emt 0:01:39]} 14. Bh3 {[%emt 0:02:50]} Re5 {[%emt 0:03:39]} 15. Qf4 {[%emt 0:00:24]} Bb7 {[%emt 0:03:26]} 16. Qf7+ {[%emt 0:01:17]} Kh8 {[%emt 0:00:26]} 17. Ne6 {[%emt 0:00:49]} dxe6 {[%emt 0:05:22]} 18. Qe8+ {[%emt 0:00:05]} 1-0

[Event "Commonwealth Open 2019"]
[Site "Delhi"]
[Date "2019.06.30"]
[Round "2.25"]
[White "Navalgund, Niranjan"]
[Black "Saypuri Srithan"]
[Result "1/2-1/2"]
[WhiteElo "2326"]
[BlackElo "1816"]
[Annotator "NA"]
[PlyCount "125"]
[EventDate "2019.06.30"]
[EventType "swiss"]
[EventCountry "IND"]
[SourceTitle "playchess.com"]
[Source "ChessBase"]
[SourceQuality "1"]
[TimeControl "5400+30"]

1. d4 {[%emt 0:00:00]} f5 {[%emt 0:00:03]} 2. c4 {[%emt 0:00:11]} Nf6 {[%emt 0:00:05]} 3. Nc3 {[%emt 0:00:16]} e6 {[%emt 0:00:06]} 4. Nf3 {[%emt 0:00:45]} Be7 {[%emt 0:00:06]} 5. g3 {[%emt 0:00:50]} O-O {[%emt 0:00:16]} 6. Bg2 {[%emt 0:00:01]} d6 {[%emt 0:00:10]} 7. O-O {[%emt 0:00:29]} a5 {[%emt 0:00:07]} 8. Qc2 {[%emt 0:03:45]} Nc6 {[%emt 0:00:09]} 9. Rd1 {[%emt 0:09:55]} Qe8 {[%emt 0:00:35]} 10. e4 {[%emt 0:01:31]} fxe4 11. Nxe4 {[%emt 0:00:42]} Nxe4 {[%emt 0:27:41]} 12. Qxe4 {[%emt 0:01:07]} Qf7 {[%emt 0:02:33]} 13. Be3 {[%emt 0:03:01]} Bf6 {[%emt 0:14:48]} 14. Rd2 {[%emt 0:03:05]} e5 {[%emt 0:00:30]} 15. d5 Ne7 {[%emt 0:02:42]} 16. Ng5 {[%emt 0:09:40]} Bxg5 {[%emt 0:01:06]} 17. Bxg5 {[%emt 0:00:02]} Nf5 {[%emt 0:01:33]} 18. Rf1 {[%emt 0:07:21]} Qg6 {[%emt 0:10:17]} 19. Be3 {[%emt 0:04:58]} b6 {[%emt 0:01:23]} 20. b3 {[%emt 0:08:14]} Bd7 {[%emt 0:08:17]} 21. a3 {[%emt 0:03:58]} Rf6 {[%emt 0:05:41]} 22. Rb2 {[%emt 0:01:52]} Raf8 {[%emt 0:05:46]} 23. Bc1 {[%emt 0:05:17]} Qe8 {[%emt 0:10:48]} 24. b4 {[%emt 0:06:41]} axb4 {[%emt 0:00:10]} 25. axb4 {[%emt 0:00:04]} Nd4 26. f4 {[%emt 0:02:35]} Qh5 {[%emt 0:02:47]} 27. Rbf2 {[%emt 0:07:29]} Bf5 {[%emt 0:01:36]} 28. Qe3 {[%emt 0:02:39]} Bg4 {[%emt 0:01:56]} 29. fxe5 {[%emt 0:05:36]} Rxf2 {[%emt 0:00:23]} 30. Rxf2 {[%emt 0:00:13]} Ne2+ {[%emt 0:00:32]} 31. Rxe2 {[%emt 0:00:52]} Bxe2 {[%emt 0:00:05]} 32. exd6 {[%emt 0:01:13]} cxd6 {[%emt 0:01:16]} 33. Qe6+ {[%emt 0:02:29]} Kh8 {[%emt 0:00:07]} 34. Qxd6 {[%emt 0:01:28]} Qf5 {[%emt 0:00:21]} 35. Qf4 {[%emt 0:00:21]} Qc8 {[%emt 0:00:29]} 36. Qd4 {[%emt 0:00:33]} Qxc4 {[%emt 0:01:16]} 37. Qxc4 {[%emt 0:00:17]} Bxc4 {[%emt 0:00:03]} 38. Bf4 {[%emt 0:03:15]} Rd8 {[%emt 0:01:01]} 39. d6 {[%emt 0:00:02]} Be6 {[%emt 0:00:12]} 40. Bc6 {[%emt 0:00:24]} Kg8 {[%emt 0:00:28]} 41. Kf2 {[%emt 0:00:54]} Kf7 {[%emt 0:00:11]} 42. Ke3 {[%emt 0:00:01]} Bd7 {[%emt 0:00:30]} 43. Bd5+ {[%emt 0:00:31]} Be6 {[%emt 0:00:04]} 44. Kd4 {[%emt 0:01:02]} g5 {[%emt 0:01:40]} 45. Be5 {[%emt 0:00:30]} Rc8 {[%emt 0:00:30]} 46. g4 {[%emt 0:02:00]} Rc1 {[%emt 0:00:17]} 47. Be4 {[%emt 0:00:30]} Rc4+ {[%emt 0:00:24]} 48. Ke3 {[%emt 0:02:12]} Rxb4 {[%emt 0:00:22]} 49. Bxh7 {[%emt 0:01:24]} Rxg4 {[%emt 0:00:04]} 50. Bd3 {[%emt 0:00:39]} Rb4 {[%emt 0:00:27]} 51. Kd2 {[%emt 0:00:33]} Bd7 {[%emt 0:01:51]} 52. Kc3 {[%emt 0:00:29]} Rh4 {[%emt 0:00:21]} 53. Bg3 {[%emt 0:00:25]} Rg4 {[%emt 0:00:10]} 54. Bc4+ {[%emt 0:00:46]} Rxc4+ {[%emt 0:00:15]} 55. Kxc4 {[%emt 0:00:03]} Bc6 {[%emt 0:00:20]} 56. Bf2 {[%emt 0:00:22]} Ke6 {[%emt 0:00:15]} 57. Bxb6 {[%emt 0:00:43]} Kxd6 {[%emt 0:00:05]} 58. Bd8 {[%emt 0:00:00]} g4 {[%emt 0:00:05]} 59. Kd4 {[%emt 0:00:06]} Bf3 {[%emt 0:00:04]} 60. Ke3 {[%emt 0:00:04]} Ke6 {[%emt 0:00:04]} 61. h4 {[%emt 0:00:05]} gxh3 {[%emt 0:00:04]} 62. Kxf3 {[%emt 0:00:03]} h2 {[%emt 0:00:06]} 63. Kg2 {[%emt 0:00:00]} 1/2-1/2

[Event "Commonwealth Open 2019"]
[Site "Delhi"]
[Date "2019.06.30"]
[Round "2.26"]
[White "Bhambure, Shantanu"]
[Black "Singh Ojasva"]
[Result "1-0"]
[WhiteElo "2248"]
[BlackElo "1666"]
[Annotator "NA"]
[PlyCount "51"]
[EventDate "2019.06.30"]
[EventType "swiss"]
[EventCountry "IND"]
[SourceTitle "playchess.com"]
[Source "ChessBase"]
[SourceQuality "1"]
[TimeControl "5400+30"]

1. d4 {[%emt 0:04:45]} d5 {[%emt 0:00:00]} 2. c4 {[%emt 0:00:04]} e6 {[%emt 0:00:00]} 3. Nc3 {[%emt 0:00:02]} Nf6 {[%emt 0:00:00]} 4. cxd5 {[%emt 0:00:05]} exd5 {[%emt 0:00:02]} 5. Bg5 {[%emt 0:00:03]} c6 {[%emt 0:01:52]} 6. e3 {[%emt 0:00:05]} Bd6 {[%emt 0:02:05]} 7. Bd3 {[%emt 0:00:26]} O-O {[%emt 0:00:12]} 8. Qc2 {[%emt 0:00:19]} h6 {[%emt 0:00:09]} 9. Bh4 {[%emt 0:00:15]} Nbd7 {[%emt 0:01:16]} 10. Nf3 {[%emt 0:06:18]} Re8 {[%emt 0:01:47]} 11. O-O {[%emt 0:01:27]} Nf8 {[%emt 0:07:00]} 12. h3 {[%emt 0:14:18]} g5 {[%emt 0:06:45]} 13. Bg3 {[%emt 0:00:35]} g4 {[%emt 0:11:44]} 14. Ne5 {[%emt 0:09:45]} gxh3 {[%emt 0:03:06]} 15. f4 {[%emt 0:02:17]} Ng4 {[%emt 0:07:44]} 16. Qe2 {[%emt 0:02:51]} hxg2 {[%emt 0:02:12]} 17. Kxg2 {[%emt 0:02:41]} h5 {[%emt 0:01:31]} 18. Rh1 {[%emt 0:01:43]} f6 {[%emt 0:00:26]} 19. Rxh5 {[%emt 0:01:43]} fxe5 {[%emt 0:01:27]} 20. fxe5 {[%emt 0:06:04]} Be7 {[%emt 0:08:31]} 21. Rah1 {[%emt 0:00:43]} Bg5 {[%emt 0:02:05]} 22. Bf4 {[%emt 0:02:24]} Bxf4 {[%emt 0:07:04]} 23. exf4 {[%emt 0:00:17]} Re7 {[%emt 0:00:51]} 24. Rh8+ {[%emt 0:02:53]} Kf7 {[%emt 0:02:06]} 25. R1h7+ {[%emt 0:01:13]} Ke8 {[%emt 0:01:58]} 26. Rxf8+ {[%emt 0:00:15]} 1-0

[Event "Commonwealth Open 2019"]
[Site "Delhi"]
[Date "2019.06.30"]
[Round "2.27"]
[White "Dubey Sanchay"]
[Black "Saurabh Anand"]
[Result "0-1"]
[WhiteElo "1823"]
[BlackElo "2351"]
[Annotator "NA"]
[PlyCount "71"]
[EventDate "2019.06.30"]
[EventType "swiss"]
[EventCountry "IND"]
[SourceTitle "playchess.com"]
[Source "ChessBase"]
[SourceQuality "1"]
[TimeControl "5400+30"]

1. e4 {[%emt 0:00:00]} e5 {[%emt 0:00:00]} 2. Nf3 {[%emt 0:00:00]} Nc6 {[%emt 0:00:11]} 3. Bb5 {[%emt 0:00:00]} a6 {[%emt 0:00:07]} 4. Ba4 {[%emt 0:00:00]} Nf6 {[%emt 0:00:10]} 5. O-O {[%emt 0:00:07]} Be7 {[%emt 0:00:05]} 6. Re1 {[%emt 0:00:07]} b5 {[%emt 0:00:51]} 7. Bb3 d6 {[%emt 0:00:14]} 8. c3 {[%emt 0:00:04]} O-O {[%emt 0:00:10]} 9. h3 {[%emt 0:00:02]} Nb8 {[%emt 0:00:25]} 10. d4 {[%emt 0:00:02]} Nbd7 {[%emt 0:00:08]} 11. Nbd2 {[%emt 0:00:07]} Bb7 {[%emt 0:01:03]} 12. Bc2 {[%emt 0:00:10]} Re8 {[%emt 0:00:09]} 13. Nf1 {[%emt 0:00:03]} Bf8 {[%emt 0:01:00]} 14. Ng3 {[%emt 0:00:16]} g6 {[%emt 0:00:10]} 15. a4 {[%emt 0:00:06]} c5 {[%emt 0:00:52]} 16. d5 {[%emt 0:00:03]} c4 {[%emt 0:00:09]} 17. Bg5 {[%emt 0:00:05]} Nc5 {[%emt 0:00:31]} 18. Qd2 {[%emt 0:00:53]} Be7 {[%emt 0:00:11]} 19. Kh1 {[%emt 0:04:02]} Nfd7 {[%emt 0:04:26]} 20. Bh6 {[%emt 0:18:45]} Qc7 {[%emt 0:05:32]} 21. a5 {[%emt 0:10:34]} Bc8 {[%emt 0:01:14]} 22. Qe3 {[%emt 0:16:04]} Nb7 {[%emt 0:05:15]} 23. Nf5 {[%emt 0:18:18]} gxf5 {[%emt 0:03:29]} 24. exf5 {[%emt 0:01:20]} Bf6 {[%emt 0:01:11]} 25. Ng5 {[%emt 0:05:59]} Ndc5 {[%emt 0:00:50]} 26. Qg3 {[%emt 0:10:36]} Kh8 {[%emt 0:02:55]} 27. Qh4 {[%emt 0:05:38]} Nd3 {[%emt 0:10:49]} 28. Bxd3 {[%emt 0:05:40]} cxd3 {[%emt 0:00:26]} 29. Bg7+ {[%emt 0:03:24]} Kxg7 {[%emt 0:00:09]} 30. Qxh7+ {[%emt 0:00:03]} Kf8 {[%emt 0:00:09]} 31. Ne4 {[%emt 0:01:11]} Qd8 {[%emt 0:02:00]} 32. b4 {[%emt 0:01:16]} Ke7 {[%emt 0:01:08]} 33. Qh6 {[%emt 0:00:17]} Bh8 {[%emt 0:01:07]} 34. f6+ {[%emt 0:01:03]} Kd7 {[%emt 0:00:30]} 35. Qh5 {[%emt 0:00:42]} Rf8 {[%emt 0:02:12]} 36. Rad1 0-1

[Event "Commonwealth Open 2019"]
[Site "Delhi"]
[Date "2019.06.30"]
[Round "2.28"]
[White "Dutta Sarthak"]
[Black "Wagh Suyog"]
[Result "0-1"]
[WhiteElo "1702"]
[BlackElo "2250"]
[Annotator "NA"]
[PlyCount "102"]
[EventDate "2019.06.30"]
[EventType "swiss"]
[EventCountry "IND"]
[SourceTitle "playchess.com"]
[Source "ChessBase"]
[SourceQuality "1"]
[TimeControl "5400+30"]

1. Nf3 {[%emt 0:00:06]} c5 {[%emt 0:00:14]} 2. c4 {[%emt 0:00:11]} Nf6 {[%emt 0:00:07]} 3. g3 {[%emt 0:00:19]} b6 {[%emt 0:00:20]} 4. Bg2 {[%emt 0:00:08]} Bb7 {[%emt 0:00:06]} 5. O-O {[%emt 0:00:21]} e6 {[%emt 0:05:06]} 6. Re1 {[%emt 0:02:42]} Be7 {[%emt 0:01:28]} 7. Nc3 {[%emt 0:01:46]} d6 {[%emt 0:00:55]} 8. d3 {[%emt 0:02:34]} O-O {[%emt 0:01:34]} 9. a3 {[%emt 0:01:17]} Nc6 {[%emt 0:06:29]} 10. e4 {[%emt 0:06:34]} Nd7 {[%emt 0:02:49]} 11. Rb1 {[%emt 0:03:11]} Bf6 {[%emt 0:00:58]} 12. Bf4 {[%emt 0:06:12]} Nde5 {[%emt 0:00:56]} 13. Qd2 {[%emt 0:08:28]} Qd7 {[%emt 0:17:46]} 14. Rbd1 {[%emt 0:11:23]} Rac8 {[%emt 0:01:09]} 15. Bg5 {[%emt 0:01:30]} Qe7 {[%emt 0:02:53]} 16. Bxf6 {[%emt 0:02:26]} Qxf6 {[%emt 0:00:20]} 17. Qf4 {[%emt 0:02:14]} Qxf4 {[%emt 0:25:24]} 18. gxf4 {[%emt 0:00:23]} Nxf3+ {[%emt 0:06:00]} 19. Bxf3 {[%emt 0:00:27]} Rfd8 {[%emt 0:00:43]} 20. Bg2 {[%emt 0:05:39]} Ba8 {[%emt 0:01:45]} 21. Ne2 {[%emt 0:02:48]} Kf8 {[%emt 0:00:12]} 22. Ng3 {[%emt 0:03:02]} Rb8 {[%emt 0:02:56]} 23. a4 {[%emt 0:12:41]} a6 {[%emt 0:03:40]} 24. e5 {[%emt 0:02:18]} dxe5 {[%emt 0:06:51]} 25. fxe5 {[%emt 0:01:18]} Nb4 {[%emt 0:00:29]} 26. Bxa8 {[%emt 0:01:06]} Rxa8 {[%emt 0:00:01]} 27. Re3 {[%emt 0:00:47]} Ra7 {[%emt 0:01:00]} 28. Ne4 {[%emt 0:01:02]} Nc6 {[%emt 0:00:30]} 29. f4 {[%emt 0:03:22]} Rad7 {[%emt 0:00:18]} 30. Rd2 {[%emt 0:01:07]} Rd4 {[%emt 0:00:53]} 31. Kf2 {[%emt 0:03:21]} Ne7 {[%emt 0:05:09]} 32. Kf3 {[%emt 0:07:06]} Nc6 {[%emt 0:04:23]} 33. h4 {[%emt 0:01:40]} Na5 {[%emt 0:00:44]} 34. Ke2 {[%emt 0:01:51]} f5 {[%emt 0:00:27]} 35. exf6 {[%emt 0:01:29]} gxf6 {[%emt 0:00:06]} 36. Rc2 {[%emt 0:00:09]} Kf7 {[%emt 0:00:26]} 37. Rc3 {[%emt 0:01:46]} h6 {[%emt 0:00:19]} 38. Kf3 {[%emt 0:01:10]} Rg8 {[%emt 0:01:15]} 39. Re1 {[%emt 0:00:55]} Rd7 {[%emt 0:00:52]} 40. Nf2 {[%emt 0:00:36]} Nc6 {[%emt 0:00:23]} 41. Ne4 {[%emt 0:01:31]} Nd4+ {[%emt 0:00:51]} 42. Ke3 {[%emt 0:00:55]} a5 {[%emt 0:00:45]} 43. Rf1 {[%emt 0:00:48]} Rg4 {[%emt 0:00:54]} 44. Nf2 {[%emt 0:00:17]} Rg3+ {[%emt 0:00:51]} 45. Kd2 {[%emt 0:00:34]} Rf3 {[%emt 0:00:14]} 46. Ke1 {[%emt 0:00:17]} Re3+ {[%emt 0:00:21]} 47. Kd2 {[%emt 0:00:18]} Rf3 {[%emt 0:00:18]} 48. Ke1 {[%emt 0:00:01]} Rxf4 {[%emt 0:00:14]} 49. Ne4 {[%emt 0:00:22]} Rxf1+ {[%emt 0:00:11]} 50. Kxf1 {[%emt 0:00:02]} f5 {[%emt 0:00:41]} 51. Nd2 {[%emt 0:00:15]} Kf6 {[%emt 0:00:12]} 0-1

[Event "Commonwealth Open 2019"]
[Site "Delhi"]
[Date "2019.06.30"]
[Round "2.29"]
[White "Michelle Catherina, P."]
[Black "Hoareau, Benjamin"]
[Result "1-0"]
[WhiteElo "2182"]
[BlackElo "1779"]
[Annotator "NA"]
[PlyCount "87"]
[EventDate "2019.06.30"]
[EventType "swiss"]
[EventCountry "IND"]
[SourceTitle "playchess.com"]
[Source "ChessBase"]
[SourceQuality "1"]
[TimeControl "5400+30"]

1. e4 {[%emt 0:00:25]} c5 {[%emt 0:04:33]} 2. Nf3 {[%emt 0:01:15]} e6 {[%emt 0:01:50]} 3. d4 {[%emt 0:00:11]} cxd4 {[%emt 0:00:31]} 4. Nxd4 {[%emt 0:00:07]} a6 {[%emt 0:01:36]} 5. Be2 {[%emt 0:03:06]} Qc7 {[%emt 0:00:49]} 6. O-O {[%emt 0:01:38]} Nf6 {[%emt 0:01:12]} 7. Nc3 {[%emt 0:01:05]} Bb4 {[%emt 0:00:27]} 8. Qd3 {[%emt 0:04:20]} b6 {[%emt 0:03:47]} 9. f4 {[%emt 0:07:30]} Bb7 {[%emt 0:07:36]} 10. e5 {[%emt 0:10:20]} Nd5 {[%emt 0:03:49]} 11. Ne4 {[%emt 0:03:18]} b5 {[%emt 0:04:57]} 12. a4 {[%emt 0:08:09]} Nc6 {[%emt 0:02:23]} 13. c3 {[%emt 0:12:07]} Be7 {[%emt 0:04:02]} 14. axb5 {[%emt 0:03:29]} Nxd4 {[%emt 0:02:19]} 15. Qxd4 {[%emt 0:02:56]} a5 {[%emt 0:06:26]} 16. c4 {[%emt 0:06:35]} Nb4 {[%emt 0:00:56]} 17. Nd6+ {[%emt 0:02:51]} Bxd6 {[%emt 0:05:35]} 18. exd6 {[%emt 0:00:38]} Qc8 {[%emt 0:00:13]} 19. Be3 {[%emt 0:08:32]} O-O {[%emt 0:02:30]} 20. Qc3 {[%emt 0:03:58]} Qd8 {[%emt 0:09:35]} 21. Bd4 {[%emt 0:03:01]} f6 {[%emt 0:03:19]} 22. Bc5 {[%emt 0:00:53]} Rc8 {[%emt 0:01:21]} 23. Bxb4 {[%emt 0:02:04]} axb4 {[%emt 0:01:12]} 24. Qxb4 {[%emt 0:00:11]} Qb6+ {[%emt 0:00:46]} 25. Kh1 {[%emt 0:00:54]} Qe3 {[%emt 0:02:20]} 26. Rae1 {[%emt 0:01:36]} Qh3 {[%emt 0:04:27]} 27. Bf3 {[%emt 0:02:32]} Bxf3 {[%emt 0:01:18]} 28. Rxf3 {[%emt 0:00:08]} Qh4 {[%emt 0:00:04]} 29. b3 {[%emt 0:02:06]} Ra8 {[%emt 0:02:38]} 30. c5 {[%emt 0:03:31]} e5 {[%emt 0:01:52]} 31. Qc4+ {[%emt 0:01:59]} Kh8 {[%emt 0:01:06]} 32. Ref1 {[%emt 0:01:30]} Ra2 {[%emt 0:01:28]} 33. fxe5 {[%emt 0:02:29]} Qg5 {[%emt 0:00:04]} 34. R3f2 {[%emt 0:00:50]} Rxf2 {[%emt 0:00:19]} 35. Rxf2 {[%emt 0:00:03]} Qxe5 {[%emt 0:00:10]} 36. h3 {[%emt 0:00:42]} Ra8 {[%emt 0:00:08]} 37. Rf1 {[%emt 0:00:49]} h6 {[%emt 0:01:10]} 38. b6 {[%emt 0:00:20]} Rb8 {[%emt 0:02:20]} 39. b4 {[%emt 0:00:10]} Rc8 {[%emt 0:02:33]} 40. Rd1 {[%emt 0:00:39]} Qh5 {[%emt 0:02:58]} 41. Qd5 {[%emt 0:00:29]} Qe8 {[%emt 0:01:37]} 42. b5 {[%emt 0:00:39]} Rb8 {[%emt 0:00:37]} 43. b7 {[%emt 0:00:19]} Qe2 {[%emt 0:00:46]} 44. c6 {[%emt 0:00:08]} 1-0